00489nam a2200169 a 450000500170000001000130001702000260003003500130005603700100006908200110007910000280009024500650011826000360018327000380021930000210025750000410027820110905120041.0 aG-001396 c495.00a9788189297558 aG-001396 bGift  a230.91 aFida Mohammad Hassnain  aShri Amarnathji Tirtha Kashmir /cby Fida Mohammad Hassnain  aSrinagar bGulshan Books c2009 aResidency RoadbSrinagar e190001 a117p. c23cm(Hb) aIncludes bibliographical references